| 000 -LEADER |
| fixed length control field |
00729nam a2200229 i 4500 |
| 001 - CONTROL NUMBER |
| control field |
1397 |
| 003 - CONTROL NUMBER IDENTIFIER |
| control field |
BD-DhUAP |
| 005 - DATE AND TIME OF LATEST TRANSACTION |
| control field |
20201223161207.0 |
| 008 - FIXED-LENGTH DATA ELEMENTS--GENERAL INFORMATION |
| fixed length control field |
201223s1975 ohu b 001 0 eng |
| 020 ## - INTERNATIONAL STANDARD BOOK NUMBER |
| International Standard Book Number |
0538073306 |
| 040 ## - CATALOGING SOURCE |
| Original cataloging agency |
DLC |
| Transcribing agency |
DLC |
| Modifying agency |
BD-DhUAP |
| Language of cataloging |
eng |
| 082 00 - DEWEY DECIMAL CLASSIFICATION NUMBER |
| Classification number |
658.403 VOI |
| Edition number |
23 |
| 100 1# - MAIN ENTRY--PERSONAL NAME |
| Personal name |
Voich, Dan. |
| 245 10 - TITLE STATEMENT |
| Title |
Information systems for operations and management / |
| Statement of responsibility, etc. |
Dan Voich, Homer J. Mottice and William A. Shrode. |
| 260 ## - PUBLICATION, DISTRIBUTION, ETC. |
| Place of publication, distribution, etc. |
Cincinnati : |
| Name of publisher, distributor, etc. |
South-Western Pub. Co., |
| Date of publication, distribution, etc. |
c1975. |
| 300 ## - PHYSICAL DESCRIPTION |
| Extent |
vii, 519 pages ; |
| Dimensions |
24 cm. |
| 504 ## - BIBLIOGRAPHY, ETC. NOTE |
| Bibliography, etc. note |
Includes bibliographical references and indexes. |
| 650 #0 - SUBJECT ADDED ENTRY--TOPICAL TERM |
| Topical term or geographic name entry element |
Management information systems. |
| 700 1# - ADDED ENTRY--PERSONAL NAME |
| Personal name |
Mottice, Homer J. |
| 700 1# - ADDED ENTRY--PERSONAL NAME |
| Personal name |
Shrode, William A. |
| 942 ## - ADDED ENTRY ELEMENTS (KOHA) |
| Source of classification or shelving scheme |
|
| Koha item type |
Book |